000 00940cam a2200325 i 4500
999 _c200453410
_d71622
001 200453410
003 TR-AnTOB
005 20230623141658.0
007 ta
008 150302s1977 tu $r01 $$$$ tur utu
040 _aTR-AnTOB
_beng
_erda
_cTR-AnTOB
041 0 _atur
044 _ctu
050 1 _aBP173.7
090 _aBP173.7
_b.O86319 1977
100 1 _aUthman, Fathi
_eauthor
_9142348
245 1 0 _aİdeoloji devleti /
_cFethi Osman ; çeviren Cemaleddin Saylık.
264 1 _aİstanbul :
_bDüşünce Yayınları,
_c1977.
264 4 _c1977
300 _a104 pages ;
_c16 cm
336 _atext
_btxt
_2rdacontent
337 _aunmediated
_bn
_2rdamedia
338 _avolume
_bnc
_2rdacarrier
490 0 _aDüşünce yayınları no ;
_v3
650 0 _aİslam ve devlet
_924887
650 0 _aİslam ve siyaset
_946668
700 1 _aSaylık, Cemaleddin
_etranslator
_955376
942 _2lcc
_cBK